Los valores y las valoraciones en la educación /
保存先:
| 第一著者: | |
|---|---|
| その他の著者: | |
| フォーマット: | 図書 |
| 言語: | スペイン語 |
| 出版事項: |
México : Puebla, México :
Trillas ; Universidad Iberoamericana, Plantel Golfo-Centro,
2001, c1999
|
| 主題: | |
| タグ: |
タグなし, このレコードへの初めてのタグを付けませんか!
|
MARC
| LEADER | 00000nam^a2200000^a^4500 | ||
|---|---|---|---|
| 001 | 000318597 | ||
| 005 | 20250625000000.0 | ||
| 009 | 20260310113416.942 | ||
| 020 | |a 968-24-5789-0 | ||
| 025 | |a Donación Miguel C. Villazana, 1 ejemplar | ||
| 037 | |a Acervo ITESO - Biblioteca | ||
| 041 | |a ESP | ||
| 082 | |a 370. 114 |b RUG | ||
| 100 | |a Rugarcía Torres, Armando |e (autor) | ||
| 240 | 1 | 1 | |a [Educar en valores] |
| 245 | 1 | 4 | |a Los valores y las valoraciones en la educación / |c A. Rugarcía Torres ; pról. de J.M. López Calva ; presen. de Alejandro Morales. |
| 264 | 4 | |a México : |b Trillas ; |a Puebla, México : |b Universidad Iberoamericana, Plantel Golfo-Centro, |c 2001, c1999 | |
| 300 | |a 139 p. | ||
| 336 | |a texto |b txt |2 rdacontenido | ||
| 337 | |a sin mediación |b n |2 rdamedio | ||
| 338 | |a volumen |b nc |2 rdasoporte | ||
| 649 | |a XX | ||
| 650 | |a Comunidad Educativa | ||
| 650 | |a Etica - |x Estudio y Enseñanza - |x Tema Principal | ||
| 650 | |a Axiología de la Educación | ||
| 650 | |a Axiología - |x Tema Principal | ||
| 650 | |a Filosofía de la Educación | ||
| 650 | |a Humanismo | ||
| 650 | |a Educación | ||
| 700 | |a López Calva, J. Martín |e (prólogo) | ||
| 910 | |a Fondo General | ||
| 920 | |a Impresos - Libros | ||
| 930 | |a Colección General | ||
| 905 | |a 101 | ||
| 901 | |a 0500205635 |b IT1 |c ACC |d DT |i D |u 20250625 | ||
| 902 | |a https://opac.biblio.iteso.mx/vufind/Record/000318597 | ||